000
00299nam a22001337a 4500
008
170602b xxu||||| |||| 00| 0 eng d
020
_a
0060423013
041
_a
eng
080
_2
5TH
_a
94(7/8)
100
_a
17
101
_a
SHH
245
_a
HISTORICAL VIEWPOINTS
_c
GARRATY. J.A
942
_2
udc
_c
BK
999
_c
15725
_d
15725